| 000 | 00349nam a2200133Ia 4500 | ||
|---|---|---|---|
| 008 | 231129s1977||||xx |||||||||||||| ||spa|| | ||
| 040 | _bspa | ||
| 082 | _a346.04682861 V732pe | ||
| 100 | _aVillegas Jorge | ||
| 245 | 0 | _aPetroleo colombiano ganancia gringa | |
| 260 | _c1977 | ||
| 264 | _aBogotá(Colombia): Ediciones Penalosa | ||
| 942 |
_2ddc _cBKS |
||
| 999 |
_c22730 _d22730 |
||